Sawyer Fredericks Charting Songs (Billboard Hot 100) - Statistics

General Stats
  • This quiz has been taken 14 times
  • The average score is 5 of 7
Answer Stats
Album Weeks On Peak Song % Correct
The Voice: The Complete Season 8 Collection 1 Week #100 Iris
83%
The Voice: The Complete Season 8 Collection 1 Week #71 Simple Man
83%
The Voice: The Complete Season 8 Collection 1 Week #98 Imagine
67%
The Voice: The Complete Season 8 Collection 1 Week #63 Old Man
67%
The Voice: The Complete Season 8 Collection 1 Week #37 Please
67%
The Voice: The Complete Season 8 Collection 1 Week #94 A Thousand Years
50%
The Voice: The Complete Season 8 Collection 1 Week #99 Shine On
33%
No matching quizzes found
Score Distribution
Percent of People with Each Score
Percentile by Number Answered
Your Score History
You have not taken this quiz